[Event "Tashkent zt 3.4"]
[Site "Tashkent"]
[Date "2021.05.07"]
[Round "1"]
[White "Kostenko, Petr"]
[Black "Yuldoshev, Mehriddin"]
[Result "1-0"]
[WhiteElo "2404"]
[BlackElo "1959"]
[PlyCount "103"]
[EventDate "2021.05.07"]
[EventType "swiss"]
[EventRounds "9"]
[EventCountry "UZB"]
[SourceTitle "CBM 202 Extra"]
[Source "ChessBase"]
[SourceDate "2021.07.31"]
[SourceVersion "1"]
[SourceVersionDate "2021.07.31"]
[SourceQuality "1"]

1. c4 d6 2. g3 Nf6 3. Bg2 g6 4. Nc3 Bg7 5. e4 Nc6 6. Nge2 h5 7. h3 e5 8. d3 Nd4 9. Nxd4 exd4 10. Ne2 c5 11. b4 0-0 12. Rb1 Nd7 13. 0-0 Rb8 14. bxc5 dxc5 15. Nf4 Nf6 16. Re1 Re8 17. e5 Nh7 18. e6 Bxe6 19. Nxe6 fxe6 20. Rxb7 Rxb7 21. Bxb7 Qb6 22. Qa4 Rb8 23. Be4 Nf8 24. Bf4 Rd8 25. Bg5 Rb8 26. Bf4 Rd8 27. Qc2 e5 28. Rb1 Qd6 29. Bc1 Rb8 30. Rb5 Rb6 31. Qb3 Nd7 32. a4 Kh7 33. a5 Rb8 34. Rb7 a6 35. Rxd7 Rxb3 36. Rxd6 Rb1 37. Kg2 Rxc1 38. Rxg6 Rc2 39. Rxa6+ Kg8 40. Bd5+ Kf8 41. Rc6 Ra2 42. Rxc5 Bh6 43. Kf3 Bd2 44. Ke4 Bxa5 45. Kxe5 Be1 46. Rc8+ Ke7 47. Rc7+ Kd8 48. Rg7 Rxf2 49. c5 Ba5 50. Kd6 Rf8 51. Be6 h4 52. Ra7 1-0

[Event "Issyk Kul op"]
[Site "Cholpon Ata"]
[Date "2019.08.23"]
[Round "9"]
[White "Yuldoshev, Mehriddin"]
[Black "Khailaev, Mamatkul"]
[Result "0-1"]
[WhiteElo "1970"]
[BlackElo "2175"]
[PlyCount "54"]
[EventDate "2019.08.19"]
[EventType "swiss"]
[EventRounds "9"]
[EventCountry "KGZ"]
[SourceTitle "EXT 2020"]
[Source "ChessBase"]
[SourceDate "2019.10.17"]
[SourceVersion "1"]
[SourceVersionDate "2019.10.17"]
[SourceQuality "1"]

1. e4 c5 2. Nc3 Nc6 3. Bb5 e6 4. Bxc6 bxc6 5. d3 d5 6. Nf3 Nf6 7. Bg5 Be7 8. e5 Nd7 9. Bxe7 Qxe7 10. 0-0 a5 11. a4 Ba6 12. b3 0-0 13. Re1 f5 14. g3 g5 15. Ne2 g4 16. Nd2 Rae8 17. Nf4 Qg5 18. Nf1 h5 19. Qd2 Rf7 20. Qxa5 Bc8 21. Qd2 h4 22. a5 Ba6 23. Qc3 Rh7 24. Rab1 Qe7 25. Re2 d4 26. Qe1 Nf8 27. Nd2 Ng6 0-1

[Event "Issyk Kul op"]
[Site "Cholpon Ata"]
[Date "2019.08.22"]
[Round "7"]
[White "Umarbekov, Aziz"]
[Black "Yuldoshev, Mehriddin"]
[Result "0-1"]
[WhiteElo "2188"]
[BlackElo "1970"]
[PlyCount "70"]
[EventDate "2019.08.19"]
[EventType "swiss"]
[EventRounds "9"]
[EventCountry "KGZ"]
[SourceTitle "EXT 2020"]
[Source "ChessBase"]
[SourceDate "2019.10.17"]
[SourceVersion "1"]
[SourceVersionDate "2019.10.17"]
[SourceQuality "1"]

1. e4 d6 2. d4 g6 3. c4 Bg7 4. f4 c5 5. d5 e5 6. Nc3 a6 7. a4 Nd7 8. Nf3 Qe7 9. Bd3 exf4 10. Bxf4 Ngf6 11. 0-0 Ng4 12. Qd2 Nge5 13. h3 Nxf3+ 14. Rxf3 Ne5 15. Rf2 0-0 16. Re1 Bd7 17. Bf1 Rfe8 18. Bg5 f6 19. Bh6 g5 20. Bxg7 Qxg7 21. Be2 Qg6 22. Rff1 Re7 23. b3 Rg7 24. Bd1 h5 25. Qe3 h4 26. Be2 g4 27. hxg4 Bxg4 28. Qf4 h3 29. Bxg4 Nxg4 30. Re2 Ne5 31. Rd2 hxg2 32. Rff2 Qh5 33. Rxg2 Nf3+ 34. Kf2 Rxg2+ 35. Kxg2 Nxd2 0-1

[Event "Issyk Kul op"]
[Site "Cholpon Ata"]
[Date "2019.08.20"]
[Round "4"]
[White "Sovetbekova, Nurai"]
[Black "Yuldoshev, Mehriddin"]
[Result "0-1"]
[WhiteElo "1482"]
[BlackElo "1970"]
[PlyCount "77"]
[EventDate "2019.08.19"]
[EventType "swiss"]
[EventRounds "9"]
[EventCountry "KGZ"]
[SourceTitle "EXT 2020"]
[Source "ChessBase"]
[SourceDate "2019.10.17"]
[SourceVersion "1"]
[SourceVersionDate "2019.10.17"]
[SourceQuality "1"]

1. d4 g6 2. c4 Bg7 3. Nc3 d6 4. Nf3 Nc6 5. h3 Nf6 6. e4 0-0 7. Be2 Nd7 8. Be3 e5 9. d5 Ne7 10. g4 f5 11. gxf5 gxf5 12. exf5 Nxf5 13. Qd2 Nxe3 14. Qxe3 Nc5 15. 0-0-0 Qf6 16. Rdg1 Kh8 17. Ne4 Nxe4 18. Qxe4 Bh6+ 19. Kd1 Bf4 20. Bd3 Qh6 21. Qe2 Bf5 22. Bxf5 Rxf5 23. Rg4 Raf8 24. Rhg1 Qf6 25. Nh4 Rg5 26. Nf3 Rxg4 27. hxg4 Qg6 28. Nd2 Bxd2 29. Kxd2 Qg5+ 30. Kd3 Qf4 31. Rg2 Qd4+ 32. Kc2 Rf4 33. Kb3 b5 34. g5 bxc4+ 35. Kc2 Qxd5 36. Rh2 Qf7 37. Kc1 Qg6 38. Rg2 Kg7 39. Qe3 0-1

[Event "Issyk Kul op"]
[Site "Cholpon Ata"]
[Date "2019.08.20"]
[Round "3"]
[White "Yuldoshev, Mehriddin"]
[Black "Sezdbekov, Ruslan"]
[Result "0-1"]
[WhiteElo "1970"]
[BlackElo "2212"]
[PlyCount "78"]
[EventDate "2019.08.19"]
[EventType "swiss"]
[EventRounds "9"]
[EventCountry "KGZ"]
[SourceTitle "EXT 2020"]
[Source "ChessBase"]
[SourceDate "2019.10.17"]
[SourceVersion "1"]
[SourceVersionDate "2019.10.17"]
[SourceQuality "1"]

1. g3 Nf6 2. Bg2 e5 3. d3 Nc6 4. e4 d5 5. Nc3 dxe4 6. Nxe4 Nxe4 7. Bxe4 Bc5 8. Be3 Bb6 9. Qh5 Qe7 10. Bxc6+ bxc6 11. Nf3 Qb4+ 12. c3 Qxb2 13. Qxe5+ Be6 14. 0-0 0-0 15. Ng5 Qb5 16. Qxb5 cxb5 17. Nxe6 fxe6 18. Rfe1 Kf7 19. Rab1 Rfd8 20. Red1 Rab8 21. Kf1 h6 22. Ke2 a6 23. Rb3 Ke7 24. Rdb1 Bxe3 25. fxe3 Rb6 26. a4 Rd5 27. axb5 Rdxb5 28. Rxb5 Rxb5 29. Rxb5 axb5 30. Kd2 Kd6 31. Kc2 e5 32. e4 Kc5 33. Kb3 h5 34. Ka3 b4+ 35. cxb4+ Kd4 36. Ka4 Kxd3 37. Kb5 Kxe4 38. Kc6 Kf3 39. Kc5 e4 0-1

[Event "Issyk Kul op"]
[Site "Cholpon Ata"]
[Date "2019.08.19"]
[Round "1"]
[White "Yuldoshev, Mehriddin"]
[Black "Azhibaev, Keneshbek"]
[Result "1-0"]
[WhiteElo "1970"]
[BlackElo "1362"]
[PlyCount "81"]
[EventDate "2019.08.19"]
[EventType "swiss"]
[EventRounds "9"]
[EventCountry "KGZ"]
[SourceTitle "EXT 2020"]
[Source "ChessBase"]
[SourceDate "2019.10.17"]
[SourceVersion "1"]
[SourceVersionDate "2019.10.17"]
[SourceQuality "1"]

1. g3 g6 2. Bg2 Bg7 3. d3 Nf6 4. e4 e5 5. Ne2 Nc6 6. 0-0 0-0 7. Nbc3 Nd4 8. Nxd4 exd4 9. Ne2 c5 10. h3 d5 11. e5 Ne8 12. f4 Nc7 13. c3 dxc3 14. bxc3 d4 15. Ba3 dxc3 16. Bxc5 Re8 17. Nxc3 Ne6 18. Bf2 a6 19. d4 Nc7 20. d5 Nb5 21. Ne2 Bd7 22. a4 Nc7 23. Rc1 Qb8 24. Bb6 Rc8 25. Qb3 Be8 26. Rc2 Nb5 27. axb5 Bxb5 28. Rfc1 Rxc2 29. Qxc2 Qe8 30. Nd4 Bd7 31. Qb2 Rc8 32. Rc3 Bf8 33. d6 Bg7 34. Bxb7 Rxc3 35. Qxc3 Bxh3 36. Qc6 Bd7 37. Qc7 Bb5 38. Qd8 Qxd8 39. Bxd8 Bf8 40. Nxb5 axb5 41. Bf6 1-0

[Event "Asian Schools-ch 12th U13"]
[Site "Tehran"]
[Date "2016.07.14"]
[Round "6.3"]
[White "Nazari, Arad"]
[Black "Yuldoshev, Mehriddin"]
[Result "1-0"]
[WhiteElo "1947"]
[BlackElo "1835"]
[PlyCount "143"]
[EventDate "2016.07.11"]
[EventType "swiss"]
[EventRounds "9"]
[EventCountry "IRI"]
[SourceTitle "EXT 2024"]
[Source "ChessBase"]
[SourceDate "2023.10.10"]
[SourceVersion "1"]
[SourceVersionDate "2023.10.10"]
[SourceQuality "1"]

1. e4 d6 2. d4 Nf6 3. Nc3 g6 4. f4 Bg7 5. Nf3 0-0 6. Bd3 Nbd7 7. e5 Ne8 8. h4 c5 9. e6 Ndf6 10. exf7+ Rxf7 11. dxc5 Bg4 12. cxd6 Nxd6 13. 0-0 Qb6+ 14. Kh2 Rc8 15. Be2 Bxf3 16. Bxf3 Nf5 17. Nd5 Qa6 18. Re1 Kh8 19. Nxf6 Rxf6 20. Bg4 Rf7 21. c3 Rcf8 22. Bxf5 gxf5 23. Qe2 Qg6 24. Be3 e5 25. g3 e4 26. Rad1 Rg8 27. Qf2 b6 28. Rd5 h6 29. Red1 Kh7 30. Bd4 Qe6 31. Be3 Bf6 32. Qd2 Rfg7 33. Bf2 Be7 34. Re5 Qg6 35. Rg1 Bf6 36. Rd5 Qh5 37. Rd7 Qg6 38. Rxg7+ Qxg7 39. Qe2 Rd8 40. Rd1 Qe7 41. Rxd8 Qxd8 42. Kg1 Kg6 43. a3 Qd5 44. Be3 Be7 45. h5+ Kf7 46. Kf2 Bc5 47. b4 Bxe3+ 48. Kxe3 b5 49. Qc2 Qc4 50. Qd2 Qf1 51. Qd7+ Kf6 52. Qd6+ Kf7 53. Qc7+ Kf6 54. Qe5+ Kf7 55. Qxf5+ Kg7 56. Qg6+ Kf8 57. Qxh6+ Kg8 58. Qe6+ Kh8 59. Qe5+ Kg8 60. Qb8+ Kg7 61. Qxa7+ Kh6 62. Kxe4 Qh1+ 63. Ke5 Qxh5+ 64. Kd6 Qd1+ 65. Kc7 Qd3 66. Qd4 Qe2 67. Kb6 Kg6 68. Qd6+ Kf7 69. Qd7+ Kf6 70. Qxb5 Qe3+ 71. Qc5 Qxg3 72. Qg5+ 1-0